Damsel in distress

Bibliographic Details
Main Author: HII, Jack
Format: Book
Published: Petaling Jaya : Longman , 1993
Series:Hibiscus series

MARC

LEADER 00000cam a2200000 7i4500
001 0000001574
002 000001720
005 20000330.0
020 |a 983740115X 
090 0 0 |a JF   |b HII 
100 1 |a HII, Jack 
245 1 0 |a Damsel in distress   |c Jack Hii 
260 |a Petaling Jaya :   |b Longman ,   |c 1993 
300 |a 46p. :   |b ill ;   |c 24cm. 
490 0 |a Hibiscus series 
999 |a 034219   |b BUKU   |c JUNIOR FICTION   |e PERPUSTAKAAN KOMUNITI PETALING JAYA